000 00538nam a22001937a 4500
999 _c58503
_d58503
005 20220428133627.0
008 220428s2003 enk||||| |||| 00| 0 eng d
020 _a9788122414714
041 _aeng
080 _a617.7 K-42
100 _aKhurana, A. K.
_913698
245 _aOphthalmology /
_c A .K. Khurana.
250 _aThird edition
264 _aNew Delhi :
_bNew age international,
_c2003.
300 _a552 p.:
_bill.:
_c24 cm.
653 _aოფტალმოლოგია
653 _aOphthalmology
942 _2udc
_cBK